| 000 | 00411nam a22001697a 4500 | ||
|---|---|---|---|
| 005 | 20160705094931.0 | ||
| 008 | 160629b xxu||||| |||| 00| 0 eng d | ||
| 020 | _a978-93-5014-305-6 | ||
| 041 | _aeng | ||
| 082 | _b11045 | ||
| 100 |
_aSingh, Surjeet _93159 |
||
| 245 | _aElectrical Engineering Drwaing | ||
| 260 |
_bKatson Books _c2012 |
||
| 300 | _a208 | ||
| 650 |
_aDeploma Engineering _93051 |
||
| 942 | _cBK | ||
| 999 |
_c4700 _d4698 |
||